LEADER 01215nam a2200289 4500 001 000000332368 003 CaOOAMICUS 005 20210316075858.0 008 190129s1992 it 000 u ita r 020 $a88-10-40913-2 040 $aSeMil$bita 100 1 $aLeblond, Germain.$0(OLS)http://semarc/name/108988 240 12$aL'Agneau de la Pâque éternelle.$0(OLS)http://semarc/title/421201 245 12$aL'Agnello della Pasqua eterna /$cGermain Leblond. 264 1$aBologna :$bEDB,$c1992. 300 $a173 p. ;$c22 cm 490 1 $aTeologia viva ;$v6 650 4$aGesù Cristo - Sacrificio.$0(OLS)http://semarc/subject/12366 650 4$aPasqua - Meditazioni.$0(OLS)http://semarc/subject/2070 650 4$aGesù Cristo - Meditazioni.$0(OLS)http://semarc/subject/1836 830 0$aTeologia viva ;$v6.$0(OLS)http://semarc/title/2664 850 $aSeMil 852 $aSeMil$W1$xVenegono$y1$m2C VII 328$j212245$B225578$CSeMilBibl$Z2$F225578 $81 996 $6020$a88-10-40913-2$9(OLS)http://semarc/number/286426 996 $6245$aL'Agnello della Pasqua eterna$9(OLS)http://semarc/title/421199 996 $6264$aBologna :$bEDB$9(OLS)http://semarc/publisher/29669 LEADER 01070nam a2200253 i 4500 001 000000181378 003 CaOOAMICUS 005 20090903000000.0 008 090903s1955 be u000 u lat u 013 $a159210 040 $aSeMil$bita 245 10$a1 /$cInterpretatus est I. Guidi. 250 $aRéimpression anastatique. 300 $a32 p. 490 0 $aCorpus Scriptorum Christianorum Orientalium ;$v2. Scriptores Syri ; 2 490 0 $aCorpus Scriptorum Christianorum Orientalium. Scriptores Syri ;$v2 700 1 $aGuidi, Ignazio,$d<1844-1935>.$0(OLS)http://semarc/name/9839 773 0 $tChronica minora.$dLouvain : CorpusSCO, [195?]$w()21950 830 0$aCorpus Scriptorum Christianorum Orientalium ;$v2. Scriptores Syri ; 2.$0(OLS)http://semarc/title/77 830 0$aCorpus Scriptorum Christianorum Orientalium. Scriptores Syri ;$v2.$0(OLS)http://semarc/title/9544 850 $aSeMil 852 $aSeMil$W1$xVenegono$y1$m2S III 2$j132119$B132119$CSeMilBibl$Z2$F143936 $81 961 $aOmaggio: Altro 996 $6245$a1$9(OLS)http://semarc/title/46247